<?xml version="1.0" encoding="UTF-8"?>
<record
    xmlns:xsi="http://www.w3.org/2001/XMLSchema-instance"
    xsi:schemaLocation="http://www.loc.gov/MARC21/slim http://www.loc.gov/standards/marcxml/schema/MARC21slim.xsd"
    xmlns="http://www.loc.gov/MARC21/slim">

  <leader>01144    a2200229   4500</leader>
  <datafield tag="999" ind1=" " ind2=" ">
    <subfield code="c">96016</subfield>
    <subfield code="d">96016</subfield>
  </datafield>
  <controlfield tag="005">20220425131024.0</controlfield>
  <controlfield tag="008">190610b        th ||||| |||| 00| 0 tha d</controlfield>
  <datafield tag="020" ind1=" " ind2=" ">
    <subfield code="a">9786162697470</subfield>
  </datafield>
  <datafield tag="040" ind1=" " ind2=" ">
    <subfield code="a">NALT</subfield>
  </datafield>
  <datafield tag="090" ind1=" " ind2=" ">
    <subfield code="a">KT 81</subfield>
    <subfield code="b">&#xE14;771&#xE01; 2561</subfield>
  </datafield>
  <datafield tag="100" ind1="1" ind2=" ">
    <subfield code="a">&#xE14;&#xE39;&#xE1B;&#xE25;&#xE32;&#xE15;&#xE23;&#xE4C;, &#xE41;&#xE2D;&#xE25;</subfield>
    <subfield code="9">40239</subfield>
  </datafield>
  <datafield tag="245" ind1="1" ind2="0">
    <subfield code="a">&#xE01;&#xE0E;&#xE2B;&#xE21;&#xE32;&#xE22;&#xE25;&#xE31;&#xE01;&#xE29;&#xE13;&#xE30;&#xE1E;&#xE30;&#xE22;&#xE32;&#xE19;&#xE41;&#xE25;&#xE30;&#xE08;&#xE34;&#xE15;&#xE15;&#xE27;&#xE34;&#xE17;&#xE22;&#xE32; /</subfield>
    <subfield code="c">&#xE42;&#xE14;&#xE22; &#xE41;&#xE2D;&#xE25; &#xE14;&#xE39;&#xE1B;&#xE25;&#xE32;&#xE15;&#xE23;&#xE4C; &#xE41;&#xE25;&#xE30;&#xE27;&#xE34;&#xE08;&#xE34;&#xE15;&#xE23;&#xE4C; &#xE25;&#xE38;&#xE25;&#xE34;&#xE15;&#xE32;&#xE19;&#xE19;&#xE17;&#xE4C;. </subfield>
  </datafield>
  <datafield tag="246" ind1="1" ind2="4">
    <subfield code="a">&#xE04;&#xE33;&#xE2A;&#xE2D;&#xE19;&#xE02;&#xE31;&#xE49;&#xE19;&#xE1B;&#xE23;&#xE34;&#xE0D;&#xE0D;&#xE32;&#xE15;&#xE23;&#xE35; &#xE1E;&#xE38;&#xE17;&#xE18;&#xE28;&#xE31;&#xE01;&#xE23;&#xE32;&#xE0A; 2477 &#xE01;&#xE0E;&#xE2B;&#xE21;&#xE32;&#xE22;&#xE25;&#xE31;&#xE01;&#xE29;&#xE13;&#xE30;&#xE1E;&#xE30;&#xE22;&#xE32;&#xE19;&#xE41;&#xE25;&#xE30;&#xE08;&#xE34;&#xE15;&#xE15;&#xE27;&#xE34;&#xE17;&#xE22;&#xE32;</subfield>
  </datafield>
  <datafield tag="260" ind1=" " ind2=" ">
    <subfield code="a">&#xE01;&#xE23;&#xE38;&#xE07;&#xE40;&#xE17;&#xE1E;&#xE2F; :</subfield>
    <subfield code="b">&#xE27;&#xE34;&#xE0D;&#xE0D;&#xE39;&#xE0A;&#xE19;,</subfield>
    <subfield code="c">2561.</subfield>
  </datafield>
  <datafield tag="650" ind1=" " ind2="0">
    <subfield code="a">&#xE01;&#xE0E;&#xE2B;&#xE21;&#xE32;&#xE22;&#xE25;&#xE31;&#xE01;&#xE29;&#xE13;&#xE30;&#xE1E;&#xE22;&#xE32;&#xE19;</subfield>
    <subfield code="9">3167</subfield>
  </datafield>
  <datafield tag="650" ind1=" " ind2="4">
    <subfield code="9">14760</subfield>
    <subfield code="a">&#xE1E;&#xE22;&#xE32;&#xE19;&#xE2B;&#xE25;&#xE31;&#xE01;&#xE10;&#xE32;&#xE19;</subfield>
  </datafield>
  <datafield tag="650" ind1=" " ind2="4">
    <subfield code="9">31662</subfield>
    <subfield code="a">&#xE1E;&#xE22;&#xE32;&#xE19;&#xE1A;&#xE38;&#xE04;&#xE04;&#xE25;</subfield>
  </datafield>
  <datafield tag="700" ind1="0" ind2=" ">
    <subfield code="9">26346</subfield>
    <subfield code="a">&#xE27;&#xE34;&#xE08;&#xE34;&#xE15;&#xE23;&#xE4C; &#xE25;&#xE38;&#xE25;&#xE34;&#xE15;&#xE32;&#xE19;&#xE19;&#xE17;&#xE4C;</subfield>
  </datafield>
  <datafield tag="850" ind1=" " ind2=" ">
    <subfield code="a">NALT</subfield>
  </datafield>
  <datafield tag="942" ind1=" " ind2=" ">
    <subfield code="2">local</subfield>
    <subfield code="c">LB</subfield>
    <subfield code="0">1</subfield>
  </datafield>
  <datafield tag="998" ind1=" " ind2=" ">
    <subfield code="j">1020</subfield>
    <subfield code="k"> &#xE08;&#xE33;&#xE40;&#xE23;&#xE35;&#xE22;&#xE07; &#xE23;&#xE30;&#xE27;&#xE31;&#xE07;&#xE2A;&#xE33;&#xE42;&#xE23;&#xE07;</subfield>
  </datafield>
  <datafield tag="952" ind1=" " ind2=" ">
    <subfield code="0">0</subfield>
    <subfield code="1">0</subfield>
    <subfield code="2">local</subfield>
    <subfield code="4">0</subfield>
    <subfield code="7">0</subfield>
    <subfield code="8">CLAW</subfield>
    <subfield code="a">NALT</subfield>
    <subfield code="b">NALT</subfield>
    <subfield code="c">LAW</subfield>
    <subfield code="d">2019-06-07</subfield>
    <subfield code="e">1</subfield>
    <subfield code="g">306.00</subfield>
    <subfield code="l">1</subfield>
    <subfield code="o">KT 81 &#xE14;771&#xE01; 2561</subfield>
    <subfield code="p">3961209415</subfield>
    <subfield code="r">2022-07-11 00:00:00</subfield>
    <subfield code="s">2021-11-24</subfield>
    <subfield code="v">340.00</subfield>
    <subfield code="w">2019-06-07</subfield>
    <subfield code="y">LB</subfield>
  </datafield>
</record>
